000 00582nam a22001937a 4500
005 20251108164824.0
008 250721s1995 xx 000 0 ara d
082 1 4 _a371.2/محم
100 1 _aمرسي، محمد منير
245 1 0 _aالإدارة المدرسية الحديثة /
250 _aطبعة معدلة منقحة
264 1 _aالقاهرة :
_bعالم الكتب،
_c1995.
300 _a298ص
650 1 7 _aالمدارس
650 1 7 _aالإدارة المدرسية
650 1 7 _aالإدارة التربوية
942 _2ddc
_cBK
999 _c15177
_d15177